000 00647nam a2200301Ia 4500
005 20260401122220.0
008 008 250103s9999 xx 000 0 eng d
020 _a1843910063
037 _aTB
040 _aEDL
040 _beng
040 _cEDL
041 _2eng
041 _aeng
084 _a851.1092 BOC
084 _qEDL
100 _aBoccaccio, Giovanni
_91232932
245 0 _aLife of Dante
245 0 _cBoccaccio, Giovanni
260 _aLondon
260 _bHesperus
260 _c2002
300 _a91p
942 _cTB
942 _h851.1092 BOC
999 _c1845707
_d1845707